<?xml version="1.0" encoding="UTF-8"?>
<record
    xmlns:xsi="http://www.w3.org/2001/XMLSchema-instance"
    xsi:schemaLocation="http://www.loc.gov/MARC21/slim http://www.loc.gov/standards/marcxml/schema/MARC21slim.xsd"
    xmlns="http://www.loc.gov/MARC21/slim">

  <leader>00779nam a2200229 a 4500</leader>
  <controlfield tag="001">52756</controlfield>
  <controlfield tag="003">BD-RjUL</controlfield>
  <controlfield tag="005">20211209075845.0</controlfield>
  <controlfield tag="008">160926s2001    bg ||||| |||| 00| 0 ben d</controlfield>
  <datafield tag="020" ind1=" " ind2=" ">
    <subfield code="a">9848258914</subfield>
    <subfield code="c">: Tk. 70.00</subfield>
  </datafield>
  <datafield tag="035" ind1=" " ind2=" ">
    <subfield code="a">(BD-RjUL)52876</subfield>
  </datafield>
  <datafield tag="040" ind1=" " ind2=" ">
    <subfield code="a">BD-RjUL</subfield>
    <subfield code="b">ben</subfield>
    <subfield code="c">BD-RjUL</subfield>
  </datafield>
  <datafield tag="041" ind1=" " ind2=" ">
    <subfield code="a">ben</subfield>
  </datafield>
  <datafield tag="082" ind1=" " ind2=" ">
    <subfield code="2">23</subfield>
    <subfield code="a">634.9</subfield>
    <subfield code="b">KAD 2001</subfield>
  </datafield>
  <datafield tag="100" ind1=" " ind2=" ">
    <subfield code="a">&#x995;&#x9BE;&#x9A6;&#x9C7;&#x9B0;&#x9C0;, &#x986;&#x9AE;&#x9BF;&#x9A8;&#x9C1;&#x9B0; &#x9B0;&#x9B6;&#x9C0;&#x9A6;</subfield>
    <subfield code="9">157766</subfield>
  </datafield>
  <datafield tag="245" ind1="1" ind2="0">
    <subfield code="a">&#x9A6;&#x9C1;&#x99F;&#x9BF; &#x9AA;&#x9BE;&#x9A4;&#x9BE; &#x98F;&#x995;&#x99F;&#x9BF; &#x995;&#x9C1;&#x981;&#x9A1;&#x9BC;&#x9BF; /</subfield>
    <subfield code="c">&#x986;&#x9AE;&#x9BF;&#x9A8;&#x9C1;&#x9B0; &#x9B0;&#x9B6;&#x9C0;&#x9A6; &#x995;&#x9BE;&#x9A6;&#x9C7;&#x9B0;&#x9C0;</subfield>
  </datafield>
  <datafield tag="260" ind1=" " ind2=" ">
    <subfield code="a">&#x99A;&#x99F;&#x9CD;&#x99F;&#x997;&#x9CD;&#x9B0;&#x9BE;&#x9AE; :</subfield>
    <subfield code="b">&#x9B6;&#x9C8;&#x9B2;&#x9C0; &#x9AA;&#x9CD;&#x9B0;&#x995;&#x9BE;&#x9B6;&#x9A8;,</subfield>
    <subfield code="c">&#x9E8;&#x9E6;&#x9E6;&#x9E7;</subfield>
  </datafield>
  <datafield tag="300" ind1=" " ind2=" ">
    <subfield code="a">&#x9EE;&#x9E6; &#x9AA;&#x9C3;. ;</subfield>
    <subfield code="c">&#x9E8;&#x9E9; &#x9B8;&#x9C7;&#x9AE;&#x9BF;.</subfield>
  </datafield>
  <datafield tag="650" ind1=" " ind2=" ">
    <subfield code="a">&#x99A;&#x9BE;</subfield>
    <subfield code="9">157767</subfield>
  </datafield>
  <datafield tag="650" ind1=" " ind2=" ">
    <subfield code="a">Tea</subfield>
    <subfield code="9">134830</subfield>
  </datafield>
  <datafield tag="942" ind1=" " ind2=" ">
    <subfield code="2">ddc</subfield>
    <subfield code="c">BK</subfield>
  </datafield>
  <datafield tag="999" ind1=" " ind2=" ">
    <subfield code="c">52756</subfield>
    <subfield code="d">52756</subfield>
  </datafield>
  <datafield tag="952" ind1=" " ind2=" ">
    <subfield code="0">0</subfield>
    <subfield code="1">0</subfield>
    <subfield code="2">ddc</subfield>
    <subfield code="4">0</subfield>
    <subfield code="7">0</subfield>
    <subfield code="8">NFIC</subfield>
    <subfield code="a">RUCL</subfield>
    <subfield code="b">RUCL</subfield>
    <subfield code="c">Stack</subfield>
    <subfield code="d">2001-06-24</subfield>
    <subfield code="g">70.00</subfield>
    <subfield code="l">0</subfield>
    <subfield code="o">B 634.9 KAD 2001</subfield>
    <subfield code="r">2016-09-26 00:00:00</subfield>
    <subfield code="t">C-2</subfield>
    <subfield code="w">2016-09-26</subfield>
    <subfield code="y">BK</subfield>
  </datafield>
</record>
